Những mảng màu du lịch Việt Nam

Sách đề cập các vấn đề lý luận và thực tiễn quan trọng về phát triển du lịch bền vững như: bàn về đạo đức và văn hóa ứng xử trong du lịch nước ta, bàn về du lịch sinh thái và du lịch cộng đồng, bàn về việc đào tạo nguồn nhân lực c...

Description complète

Enregistré dans:
Détails bibliographiques
Auteur principal: Phan Huy Xu
Autres auteurs: Võ Văn Thành
Format: Livre
Langue:Vietnamese
Publié: TP. Hồ Chí Minh Tổng hợp TP Hồ Chí Minh 2019
Sujets:
Tags: Ajouter un tag
Pas de tags, Soyez le premier à ajouter un tag!
Thư viện lưu trữ: Thư viện Trường Đại học Nam Cần Thơ
LEADER 01616nam a22002297a 4500
001 NCT_89578
008 210505b xxu||||| |||| 00| 0 vie d
999 |c 4417  |d 4417 
020 |a 9786045897478  |c 135000 
082 0 4 |2 23rd ed.  |a 338.47  |b X500 
100 1 |a Phan Huy Xu 
245 1 0 |a Những mảng màu du lịch Việt Nam  |c Phan Huy Xu, Võ Văn Thành 
260 |a TP. Hồ Chí Minh  |b Tổng hợp TP Hồ Chí Minh  |c 2019 
300 |a 320 tr.  |b minh họa màu  |c 24cm 
520 3 |a Sách đề cập các vấn đề lý luận và thực tiễn quan trọng về phát triển du lịch bền vững như: bàn về đạo đức và văn hóa ứng xử trong du lịch nước ta, bàn về du lịch sinh thái và du lịch cộng đồng, bàn về việc đào tạo nguồn nhân lực chất lượng cao của ngành du lịch trong thời kỳ hội nhập quốc tế.... 
653 |a Quản trị DV Du lịch và Lữ hành 
700 1 |a Võ Văn Thành 
942 |2 ddc  |c BK 
952 |0 0  |1 0  |2 ddc  |4 0  |6 338_470000000000000_X500  |7 0  |9 21202  |a 000001  |b 000001  |d 2021-05-05  |o 338.47 X500  |p MD.18460  |r 2021-05-05  |v 135000.00  |w 2021-05-05  |y BK 
952 |0 0  |1 0  |2 ddc  |4 0  |6 338_470000000000000_X500  |7 0  |9 21203  |a 000001  |b 000001  |d 2021-05-05  |o 338.47 X500  |p MD.18461  |r 2021-05-05  |v 135000.00  |w 2021-05-05  |y BK 
952 |0 0  |1 0  |2 ddc  |4 0  |6 338_470000000000000_X500  |7 0  |9 21204  |a 000001  |b 000001  |d 2021-05-05  |o 338.47 X500  |p MD.18470  |r 2021-05-05  |v 135000.00  |w 2021-05-05  |y BK 
980 |a Thư viện Trường Đại học Nam Cần Thơ